| 000 | 00662nam a2200229Ia 4500 | ||
|---|---|---|---|
| 005 | 20260429111935.0 | ||
| 008 | 260429s9999||||xx |||||||||||||| ||und|| | ||
| 020 | _a9788173044069 | ||
| 041 | _aEnglish | ||
| 082 |
_a954.83 _bMAL |
||
| 100 | _aMalekandathil, Pius | ||
| 245 | 0 |
_aPortuguese cochin and the maritime trade of India 1500-1663 / _cPius Malekandathil |
|
| 250 | _a1st ed. | ||
| 260 |
_aNew Delhi : _bManohar Publishers and Distributors, _c2024. |
||
| 300 | _a324 p.; hb | ||
| 650 | _a Cochin-History | ||
| 650 | _a Colonial trade | ||
| 650 | _a Economic history | ||
| 650 | _a Maritime trade | ||
| 650 | _aPortuguese India | ||
| 942 | _cTB | ||
| 999 |
_c51528 _d51528 |
||